Uniendo los mundos de la investigación educativa
| Hovedforfatter: | |
|---|---|
| Format: | Bog |
| Sprog: | spansk |
| Udgivet: |
Ottawa, Canadá :
CIID
1981
|
| Fag: |
MARC
| LEADER | 00000nam a2200000Ia 4500 | ||
|---|---|---|---|
| 008 | 170621b1981 cn ||||| |||| 00| | spa d | ||
| 999 | |c 1378 |d 1378 | ||
| 090 | |a 06.01.00 |b 474 | ||
| 100 | 1 | |a Myers, Robert G. |9 2963 | |
| 245 | 1 | 0 | |a Uniendo los mundos de la investigación educativa |
| 260 | |a Ottawa, Canadá : |b CIID |c 1981 | ||
| 300 | |a 96 páginas | ||
| 650 | 1 | 4 | |a INVESTIGACIÓN EDUCATIVA |9 326 |
| 650 | 1 | 4 | |a PAÍSES DESARROLLADOS |9 536 |
| 650 | 1 | 4 | |a PAÍSES EN DESARROLLO |9 2049 |
| 942 | |i 00836 |h 06.01.00 474 |2 z |c 01 | ||
